| 000 | 00452ntaaa2200181 4500 | ||
|---|---|---|---|
| 003 | 01 | ||
| 005 | 20251027201551.0 | ||
| 008 | 0714s1973 ag 01 | ||
| 040 |
_aAR-BaBN _bspa _cAR-BaBN _eaacr _dRIC |
||
| 082 | _a230.0000 C67d | ||
| 100 |
_aColeman, Jr., Lucien E. _914334 |
||
| 245 | _aDotrinas Básicas de la Biblia | ||
| 250 | _a1 ed. | ||
| 260 |
_aEl Paso : _bCBP, _c1979 |
||
| 300 | _a148 p. | ||
| 650 |
_aDoctrinas-Estudios _914335 |
||
| 942 | _cBK | ||
| 999 |
_c10281 _d10281 |
||